00975cam a2200289 a 45000010005000000030006000050050017000110080041000280100017000690200030000860200031001160400018001470500008001650820013001731000026001862450047002122500044002592600035003033000048003384900040003865050007004265200165004335210018005985210019006166500028006356500022006635579FISKH20250403105739.0070522s2008 nyua a 000 1 eng  a 2007929409 a9780060835453 (pbk. bdg.) a9780060835460 (trade bdg.) aDLCcDLCbeng a246 aPZ7.M4621 aMayer, Mercer,d1943-10aGoing to the firehouse /cby Mercer Mayer. aFirst Scholastic printing, October 2011 aNew York :bScholastic,c2008. a32 pages : bcolor illustrations ; c23 cm 0 aI can read! My first shared reading aF  a"Little Critter and his classmates are taking a trip to the firehouse--join Little Critter as he learns to stop, drop, and roll with Fireman Joe!"--Cover back.  a310 bLexile  aF bRaz-Plus  1aFire fightersvFiction. 1aAnimalsvFiction.